LEADER 01945nam0 22003611i 450 001 UON00095276 005 20231205102529.751 010 $a88-85699-70-7 100 $a20020107d1998 |0itac50 ba 101 $aita 102 $aIT 105 $a|||| ||||| 200 1 $aNova bibliotheca pompeiana$e250 anni di bibliografia archeologica$ecatalogo dei libri e degli scritti riguardanti la storia, l'arte e gli scavi di Pompei, Ercolano, Stabia e Oplonti ... / Laurentino Garcia Y Garcia 205 $aRoma : Bardi$b1998 210 $a2 v.$cill. ; 27 cm. 215 $aIn testa al front.$cMinistero per i Beni Culturali e Ambientali. Soprintendenza Archeologica di Pompei 1: A-K 2: L-Z 316 $aSOPR. ARCH POMPEI$5IT-UONSI N 2POMPEI024/02 410 1$1001UON00087318$12001 $aMonografie$fMinistero per i Beni Culturali ed Ambientali, Soprintendenza Archeologica di Pompei$1210 $aRoma$cĞL'Ermağ di Bretschneider$d1986- .$v14 423 1$1001UON00363784$12001 $a250 anni di bibliografia archeologica 606 $aPOMPEI$xBibliografia$3UONC028771$2FI 606 $aERCOLANO$xBibliografia$3UONC028772$2FI 606 $aSTABIA$xBibliografia$3UONC028773$2FI 606 $aOPLONTI$xBibliografie$3UONC028774$2FI 620 $aIT$dRoma$3UONL000004 676 $a937.016$cstoria della penisola italiana antica - bibliografie$v21 700 1$aGARCIA Y GARCIA$bLaurentino$3UONV061524$0428195 712 $aBardi Editore$3UONV260187$4650 801 $aIT$bSOL$c20240220$gRICA 912 $aUON00095276 950 $aSIBA - SISTEMA BIBLIOTECARIO DI ATENEO$dSI N 2 POMPEI 024 02 $eSI MC 23094 5 02 SOPR. ARCH POMPEI 950 $aSIBA - SISTEMA BIBLIOTECARIO DI ATENEO$dSI N 2 POMPEI 024 01 $eSI MC 23095 5 01 996 $aNova bibliotheca Pompeiana$9731640 997 $aUNIOR